| 000 | 00767nam a2200229Ia 4500 | ||
|---|---|---|---|
| 003 | OSt | ||
| 005 | 20250305162229.0 | ||
| 008 | 210210b2000 xxu||||| |||| 00| 0 eng d | ||
| 020 | _a81 7713 054 4 | ||
| 040 | _cAL | ||
| 041 | _aKannada | ||
| 082 | _aK894.8 KANR | ||
| 100 |
_aKANNADA PUSTAKA PRADHIKARA. _dಕನ್ನಡ ಪುಸ್ತಕ ಪ್ರಾಧಿಕಾರ _9204176 |
||
| 245 |
_aM N Ray _b ಎಂ ಎನ್ ರಾಯ್ |
||
| 260 |
_aBengaluru _bKannada Pustaka Pradhikara _c2000 |
||
| 300 | _a80 | ||
| 650 |
_aRay Em En jagatika chintana male Vignesh En Bhat _9204177 |
||
| 690 |
_aKannada Miscellaneous _9204178 |
||
| 700 |
_aVighnesh (N Bhat) _dವಿಘ್ನೇಶ್ (ಎನ್ ಭಟ್) _9204340 |
||
| 906 | _aSG04051 | ||
| 942 |
_2ddc _cSG |
||
| 999 |
_c114731 _d114731 |
||